Code des prisons ou Recueil complet des lois, ordonnances, arrêtés, règlements, circulaires et instructions ministérielles concernant le régime intérieur, économique et disciplinaire des Maisons d'Arrêt ... / (Record no. 160166)

MARC details
000 -LEADER
campo de control de longitud fija 00906nam a2200169 i 4500
001 - NÚMERO DE CONTROL
campo de control 160166
003 - IDENTIFICADOR DE NÚMERO DE CONTROL
campo de control ES-MaACL
005 - FECHA Y HORA DE LA ÚLTIMA TRANSACCIÓN
campo de control 20230906211944.0
008 - DATOS DE LONGITUD FIJA--INFORMACIÓN GENERAL
campo de control de longitud fija 040921m18451862fr l |||| | fre d
100 1# - ENTRADA PRINCIPAL--NOMBRE DE PERSONA
Nombre de persona Moreau-Christophe, Louis-Mathurin.
9 (RLIN) 130158
245 10 - MENCIÓN DEL TÍTULO
Título Code des prisons ou Recueil complet des lois, ordonnances, arrêtés, règlements, circulaires et instructions ministérielles concernant le régime intérieur, économique et disciplinaire des Maisons d'Arrêt ... /
Mención de responsabilidad, etc. par M. Moreau-Christophe.
260 ## - PUBLICACIÓN, DISTRIBUCIÓN, ETC.
Lugar de publicación, distribución, etc. Paris :
Nombre del editor, distribuidor, etc. Imp. Administrative de Paul Dupont,
Fecha de publicación, distribución, etc. 1845-1862.
300 ## - DESCRIPCIÓN FÍSICA
Extensión v. ;
Dimensiones 22 cm.
505 8# - NOTA DE CONTENIDO CON FORMATO
Nota de contenido con formato Contiene: T.I, 1845: De 1670 à 1845 (507 p.) - T.II, 1856: De 1846 à 1856 (462 p.) - T.III, 1862: De 1856 à 1862 (237 p.)
650 ## - PUNTO DE ACCESO ADICIONAL DE MATERIA--TÉRMINO DE MATERIA
Término de materia o nombre geográfico como elemento de entrada Derecho penitenciario-
Subdivisión geográfica Francia.
9 (RLIN) 141896
852 ## - LOCALIZACIÓN
Ubicación ES-MaACL
Número de control de estantería D-222-24
Nota libre -- Enc. hol., conservando la cub. original
-- . - Donativo Lastres
Holdings
Estatus retirado Estado de pérdida Estado de daño No para préstamo Colección Biblioteca de origen Biblioteca actual Ubicación en estantería Fecha de adquisición Fuente de adquisición Total de préstamos Signatura topográfica completa Código de barras Visto por última vez Precio de reemplazo Tipo de ítem Koha
        Libros del s. XIX Biblioteca del Ateneo de Madrid Biblioteca del Ateneo de Madrid Sala Valle Inclán 17/01/2008     D-222-24 901167684 23/02/2023 23/02/2023 Libro impreso antiguo